000 00610nam a2200181Ia 4500
005 20250508155351.0
008 008 250505s9999 xx 000 0 eng d
037 _aTextual
040 _aFEDL
_beng
_cFEDL
041 _aeng
_2eng
084 _a630.954, IND
_qFEDL
100 _aDesai D K
245 0 _aIncreasing income and production in Indian farming: Possibilities with existing resource supplies on individual farms
260 _aBombay, India
_bThe Indian Society of Agricultural Economics
_c1963
300 _axv,199p.
942 _cTEXL
_h630.954, IND
999 _c1356317
_d1356317